| 000 | 00671nam a22001937a 4500 | ||
|---|---|---|---|
| 003 | OSt | ||
| 005 | 20260129060300.0 | ||
| 008 | 260129b |||||||| |||| 00| 0 eng d | ||
| 020 | _a971-8966-77-5. | ||
| 040 |
_aDWCL-Main lib _cOC |
||
| 082 |
_22007 revised edition _aFil. 657.837 C117a 2007 |
||
| 100 | _aCabrera, Ma. Elenita B. | ||
| 245 |
_aAccounting for hotels and restaurants : _ba user perspective _cMa. Elenita B. Cabre |
||
| 260 |
_aManila : _bGIC Enterprises & Co., Inc., _cc2007. |
||
| 300 |
_aix, 403 pages : _billustration ; _c23 cm. |
||
| 650 | _a1. Accounting-Hotels and restaurants. | ||
| 650 | _a2. Accounting | ||
| 942 |
_2ddc _cBK-FIL _e2007 rev. ed. _kFil. _n0 |
||
| 999 |
_c7981 _d7981 |
||